Vergleich der Bilanzierung von Umsatzerlösen nach IFRS 15 und nach slowakischem Recht diplomová práca

Na minha lista:
Detalhes bibliográficos
Autor principal: Borkovičová, Natália
Autor Corporativo: Ekonomická univerzita v Bratislave. Fakulta hospodárskej informatiky
Outros Autores: Ebeling, Ralf Michael
Formato: Livro
Idioma:alemão
Publicado em: Bratislava 2016
Tags: Adicionar Tag
Sem tags, seja o primeiro a adicionar uma tag!

MARC

LEADER 00000nbm a2200000 4500
001 0226788
005 20240913091907.9
041 0 |a ger 
044 |a SK 
245 1 0 |a Vergleich der Bilanzierung von Umsatzerlösen nach IFRS 15 und nach slowakischem Recht  |b diplomová práca  |c Natália Borkovičová ; školiteľ: Ralf Michael Ebeling 
264 1 |a Bratislava  |c 2016 
300 |a 58 s. 
100 1 |a Borkovičová, Natália 
700 1 |a Ebeling, Ralf Michael 
710 2 |a Ekonomická univerzita v Bratislave. Fakulta hospodárskej informatiky